| 000 | 01306cam a22003497a 4500 | ||
|---|---|---|---|
| 003 | CHAP | ||
| 005 | 20220329141430.0 | ||
| 008 | 971013s1987 r 00010 d | ||
| 010 | _a68046 | ||
| 011 | _a69018 | ||
| 035 | _a78492 | ||
| 040 | _cCHAP | ||
| 082 |
_a330 _bH45Y 1984 |
||
| 100 | 0 | 0 |
_aHeilbroner, Robert L. _953338 |
| 245 | 0 | _aEconomía | |
| 260 |
_aMéxico, D. F. : _bPrentice-Hall, _c1987 |
||
| 300 |
_a742 p. _b; gráfs. |
||
| 500 | _aTrad. de la 7. ed. en inglés de 1984 | ||
| 590 |
_aBATCH-UPD _b10 _c20130110 _lUCH01 _h0814 |
||
| 590 |
_aBATCH-UPD _b10 _c20130410 _lUCH01 _h0451 |
||
| 590 |
_aBATCH-UPD _b10 _c20130914 _lUCH01 _h1232 |
||
| 590 |
_aCONVERSION _b10 _c20130109 _lUCH01 _h1337 |
||
| 650 | 1 | 4 |
_aEconomía. _935226 |
| 700 | 0 |
_aThurow, Lester C. _9113013 |
|
| 901 | _aBK | ||
| 942 | _cLIBRO | ||
| 949 |
_a330 H45y 1984 _bBC _cLIBRO _d33724000311437 _eLIBRO _fc.5 _h81600 _i78492 _si _t12.30 |
||
| 949 |
_a330 H45y 1984 _bBC _cLIBRO _d33724000607198 _eLIBRO _fc.4 _h77486 _i78492 _si _t12.30 |
||
| 949 |
_a330 H45y 1984 _bBC _cLIBRO _d33724000924619 _eLIBRO _fc.3 _gI.138022 _h71709 _i78492 _si _t12.30 |
||
| 949 |
_a330 H45y 1984 _bBC _cLIBRO _d33724002014694 _eLIBRO _gI.138020 _h71707 _i78492 _si _t12.30 |
||
| 949 |
_a330 H45y 1984 _bBC _cLIBRO _d33724002204199 _eLIBRO _fc.2 _gI.138021 _h71708 _i78492 _si _t12.30 |
||
| 999 |
_c68046 _d68046 |
||